Taylor Swift - Devine la chanson sans indices #4 - Statistiques

Statistiques générales
  • Ce quiz a été pris 817 fois
    508 depuis la dernière actualisation
  • Le résultat moyen est 199 sur 324
Statistiques - réponses
Réponse % Correct
I
99%
ya,
98%
you
98%
you,
98%
a
95%
the
93%
love
89%
an
83%
me
83%
we
83%
your
83%
Your
83%
to
81%
and
79%
And
79%
for
78%
it
78%
on
78%
my
77%
My
77%
be
76%
in
73%
is
70%
was
70%
were
70%
are
69%
you're
68%
of
67%
they
67%
But
66%
but
66%
no
66%
this
65%
it's
64%
what
63%
her
62%
All
61%
life
61%
get
59%
one
57%
there
57%
fortnight
56%
say,
56%
want
55%
want)
55%
come
51%
ruining
50%
away
48%
only
48%
forgot
47%
supposed
46%
'Til
46%
him
45%
kill
45%
sent
45%
wanna
45%
about
44%
forever
44%
new
44%
'Til
44%
'til
44%
up
44%
hope
43%
okay
43%
reason
43%
touch,
43%
touch
43%
car
42%
(Car
42%
lost
41%
won't
40%
good
39%
Now
39%
alcoholic
38%
flowers,
38%
wife
38%
noticed
37%
aesthetic
36%
Florida,
36%
into
36%
move
36%
Move
36%
nobody
36%
America
35%
blame
35%
cheating,
35%
pick
35%
touched
35%
at
34%
endless
34%
February
34%
husband
34%
Thought
34%
took
34%
ask
33%
quiet
33%
waters
33%
functioning
32%
here's
32%
buy
31%
mornings
31%
stuck
31%
calling
30%
running
30%
together
30%
treason?
30%
backyard
29%
backyard,
29%
Mondays
29%
turned
29%
drug,
28%
miracle
28%
sometimes
28%
start
28%
weather
28%
neighbors
27%
temporary
27%
effects
24%
mailbox
19%
'Nother
19%
sweater
17%
comment
16%
Aucun quiz correspondant
Distribution des résultats
% des personnes avec chaque résultat
Percentile par nombre de réponses
Votre historique - résultats
Vous n’avez pas pris ce quiz depuis la dernière actualisation